000 00304nam a2200109Ia 4500
008 220204s9999 xx 000 0 und d
082 _a543.42
_bNAC
100 _aNachtrier, Norman H
245 0 _aPrinciples and practice of spectrochemical analysis
260 _aNew York
_bMcGraw Hill
_c1950
942 _cBK
999 _c19372
_d19372